[Event "Napoli Vomero Winter 5th"]
[Site "Napoli"]
[Date "2010.02.25"]
[Round "7"]
[White "Irtuso, Emanuele"]
[Black "Sparice, Lorenzo"]
[Result "1-0"]
[WhiteElo "1744"]
[BlackElo "1452"]
[PlyCount "39"]
[EventDate "2010.01.14"]
[EventType "swiss"]
[EventRounds "7"]
[EventCountry "ITA"]
[SourceTitle "EXT 2024"]
[Source "ChessBase"]
[SourceDate "2023.10.10"]
[SourceVersion "1"]
[SourceVersionDate "2023.10.10"]
[SourceQuality "1"]

1. e4 e6 2. d4 d5 3. exd5 Qxd5 4. Nf3 c5 5. c4 Qe4+ 6. Be2 cxd4 7. Qxd4 Bb4+ 8. Nbd2 Nf6 9. 0-0 Qxe2 10. Re1 e5 11. Rxe2 0-0 12. Qxe5 Nc6 13. Qf4 Bg4 14. h3 Bxf3 15. Nxf3 Rae8 16. Rxe8 Rxe8 17. Be3 Ne4 18. Rd1 h6 19. Rd7 Bd6 20. Qxf7+ 1-0

[Event "Napoli Vomero Inverno op 4th"]
[Site "Napoli"]
[Date "2009.02.19"]
[Round "7"]
[White "Irtuso, Emanuele"]
[Black "Borrelli, Salvatore"]
[Result "1-0"]
[WhiteElo "1714"]
[BlackElo "1746"]
[PlyCount "69"]
[EventDate "2009.01.08"]
[EventType "swiss"]
[EventRounds "7"]
[EventCountry "ITA"]
[SourceTitle "EXT 2011"]
[Source "ChessBase"]
[SourceDate "2010.11.26"]
[SourceVersion "1"]
[SourceVersionDate "2010.11.26"]
[SourceQuality "1"]

1. e4 e6 2. d4 d5 3. Nd2 c5 4. c3 cxd4 5. cxd4 Nc6 6. Ngf3 dxe4 7. Nxe4 Bb4+ 8. Nc3 Nf6 9. Be3 Nd5 10. Qc2 Qa5 11. Rc1 Qxa2 12. Bd3 Bxc3+ 13. bxc3 Qxc2 14. Rxc2 Nxe3 15. fxe3 Bd7 16. Kf2 0-0 17. Rb1 b6 18. c4 f6 19. d5 Ne5 20. Be4 Nxf3 21. Bxf3 Rac8 22. Ra2 a5 23. Rxb6 e5 24. d6 a4 25. Bd5+ Kh8 26. Rb7 Rfd8 27. Ra7 Bc6 28. Be6 Rb8 29. c5 Rb5 30. Rc2 Rbb8 31. Rc7 Ba8 32. Ra2 Rb4 33. d7 Bb7 34. c6 Ba6 35. Ra7 1-0

[Event "Napoli Vomero Inverno op 4th"]
[Site "Napoli"]
[Date "2009.02.12"]
[Round "6"]
[White "Lombardo, Michele"]
[Black "Irtuso, Emanuele"]
[Result "1-0"]
[WhiteElo "2021"]
[BlackElo "1714"]
[PlyCount "55"]
[EventDate "2009.01.08"]
[EventType "swiss"]
[EventRounds "7"]
[EventCountry "ITA"]
[SourceTitle "EXT 2011"]
[Source "ChessBase"]
[SourceDate "2010.11.26"]
[SourceVersion "1"]
[SourceVersionDate "2010.11.26"]
[SourceQuality "1"]

1. e4 d6 2. d4 g6 3. Nf3 Bg7 4. h3 Nf6 5. Nc3 c6 6. Be3 0-0 7. Qd2 Nbd7 8. 0-0-0 b5 9. Bd3 a5 10. Bh6 Bb7 11. h4 e5 12. Ne2 exd4 13. Nexd4 Ne5 14. h5 Nxd3+ 15. cxd3 Bxh6 16. Qxh6 Ng4 17. Qd2 Qf6 18. Rh4 Ne5 19. Rdh1 c5 20. Nxb5 c4 21. Nxe5 Qxe5 22. Nc3 cxd3 23. hxg6 fxg6 24. Rxh7 Bxe4 25. Qh6 Qf4+ 26. Qxf4 Rxf4 27. Nxe4 Rc8+ 28. Nc3 1-0